000 00464nam a2200181Ia 4500
003 GCL
008 140319s9999 xx 000 0 eng d
040 _aGCL /
_cGCL
082 0 4 _aCH
_b750.92
_bL C
100 1 _aLOUMAYE, JACQUELINE(TEXTE)
245 1 0 _aCHAGALL, MA VILLE TRISTE ET JOIEUSE /
_cLOUMAYE, JACQUELINE(TEXTE)
300 _a62 P
650 0 4 _aCHILDREN
650 0 4 _aARTS
650 0 4 _aFRANCE
650 0 4 _aPAINTING - ILLUSTRATION
942 _2ddc
_cBK
999 _c17444
_d17444